000
00341nam a2200145Ia 4500
008
150201s2010 xx 000 0 und d
082
_a
611
_b
H2010G
100
_a
J.P.GUNASEGARAN
245
_a
TEXT BOOK OF HISTOLOGY
250
_a
1ST
260
_b
ELSEVIER
_a
DELHI
_c
2010
300
_a
1-433
650
_a
HUMAN HISTOLOGY
942
_2
ddc
_c
BK
999
_c
4738
_d
4738